Music Quiz

Random Music or Album Quiz

Sheryl Crow Songs by Album Quiz Stats

 Plays Quiz not verified by Sporcle

Score 0/85 Timer 10:00
0 Plays Today
Album Song % Correct
Tuesday Night Music ClubAll I Wanna Do
93.3%
C'mon C'monSoak Up The Sun
92.5%
Sheryl CrowIf It Makes You Happy
91%
C'mon C'monSteve McQueen
87.3%
Tuesday Night Music ClubLeaving Las Vegas
84.3%
Tuesday Night Music ClubStrong Enough
84.3%
Sheryl CrowEveryday Is A Winding Road
83.6%
C'mon C'monC'mon C'mon
82.8%
The Globe SessionsMy Favorite Mistake
81.3%
The Globe SessionsThere Goes The Neighborhood
79.9%
Sheryl CrowA Change Would Do You Good
76.1%
Tuesday Night Music ClubRun Baby Run
70.9%
Sheryl CrowHome
70.9%
Tuesday Night Music ClubI Shall Believe
67.9%
Tuesday Night Music ClubThe Na-Na Song
67.2%
Sheryl CrowHard to Make a Stand
65.7%
Wildflower Good Is Good
65.7%
Wildflower Wildflower
64.9%
Sheryl CrowMaybe Angels
64.2%
Sheryl CrowThe Book
64.2%
The Globe SessionsThe Difficult Kind
64.2%
DetoursDetours
64.2%
Sheryl CrowSweet Rosalyn
62.7%
Tuesday Night Music ClubCan't Cry Anymore
61.9%
Sheryl CrowOh Marie
61.2%
Sheryl CrowRedemption Day
60.4%
The Globe SessionsAnything But Down
58.2%
C'mon C'monWeather Channel
56.7%
The Globe SessionsMississippi
56%
Album Song % Correct
C'mon C'monSafe and Sound
55.2%
100 Miles from Memphis100 Miles from Memphis
54.5%
Sheryl CrowSuperstar
53.7%
Sheryl CrowOrdinary Morning
53%
The Globe SessionsIt Don't Hurt
52.2%
DetoursDiamond Ring
52.2%
Sheryl CrowLove Is a Good Thing
51.5%
C'mon C'monDiamond Road
50.7%
DetoursLove Is Free
50%
The Globe SessionsRiverwide
49.3%
The Globe SessionsMembers Only
49.3%
C'mon C'monIt's Only Love
49.3%
DetoursGasoline
48.5%
Tuesday Night Music ClubWhat I Can Do For You
47.8%
The Globe SessionsAm I Getting Through (Part I & II)
47%
Wildflower Letter to God
46.3%
Tuesday Night Music ClubWe Do What We Can
45.5%
Wildflower Always On Your Side
45.5%
DetoursGod Bless This Mess
45.5%
Tuesday Night Music ClubNo One Said It Would Be Easy
44.8%
Tuesday Night Music ClubSolidify
44%
C'mon C'monYou're An Original
44%
DetoursOut Of Our Heads
44%
DetoursLullaby For Wyatt
44%
The Globe SessionsCrash and Burn
43.3%
DetoursMake It Go Away (Radiation Song)
43.3%
100 Miles from MemphisSign Your Name
43.3%
C'mon C'monIt's So Easy
41.8%
DetoursShine Over Babylon
41.8%
Album Song % Correct
100 Miles from MemphisI Want You Back
41.8%
Wildflower I Know Why
37.3%
DetoursLove Is All There Is
37.3%
C'mon C'monLucky Kid
36.6%
Wildflower Perfect Lie
36.6%
DetoursMotivation
35.8%
100 Miles from MemphisSummer Day
35.8%
C'mon C'monHole In My Pocket
34.3%
Wildflower Live It Up
34.3%
DetoursNow That You're Gone
34.3%
The Globe SessionsMaybe That's Something
33.6%
Wildflower Where Has All The Love Gone
33.6%
C'mon C'monOver You
32.8%
DetoursDrunk with the Thought of You
32.8%
100 Miles from MemphisSideways
32.1%
DetoursPeace Be Upon Us
31.3%
Wildflower Chances Are
30.6%
Wildflower Lifetimes
29.9%
100 Miles from MemphisStop
29.9%
100 Miles from MemphisRoses and Moonlight
29.9%
100 Miles from MemphisOur Love Is Fading
29.1%
Wildflower I Don't Wanna Know
28.4%
100 Miles from MemphisSay What You Want
25.4%
100 Miles from MemphisEye to Eye
24.6%
100 Miles from MemphisLong Road Home
24.6%
100 Miles from MemphisPeaceful Feeling
21.6%
C'mon C'monAlbilene
12.7%

You're not logged in!

Compare scores with friends on all Sporcle quizzes.
OR
Log In

You Might Also Like...

Show Comments

Extras

Top Quizzes Today


Score Distribution

Your Account Isn't Verified!

In order to create a playlist on Sporcle, you need to verify the email address you used during registration. Go to your Sporcle Settings to finish the process.

Report this User

Report this user for behavior that violates our Community Guidelines.

Details: